Missing Word: 'H' in Every Category Quiz Stats

 Plays Quiz Updated Jun 6, 2016

Challenge
Share
Tweet
Embed
Score 0/15 Timer 02:00
1 Play Today
Hint % Correct
_____ Five-0Hawaii
96.3%
Sonic the _____Hedgehog
93%
Battle of Bunker _____Hill
86.7%
The Girl Who Kicked the _____ NestHornets'
86.4%
The Incredible _____Hulk
84.5%
Evander _____Holyfield
81.5%
_____ CoutureHaute
73.5%
Comet _____–BoppHale
69.6%
Hint % Correct
Mr. _____ OpusHolland's
68.2%
Bosnia and _____Herzegovina
67.4%
_____ Sporcleversary! - BadgeHappy
63.8%
Rosh _____Hashanah
53.6%
John Lee _____Hooker
39.5%
Shem, _____, and JaphethHam
39%
_____ & Mauritz (H&M)Hennes
10.1%

Today's Daily Dose

You're not logged in!

Compare scores with friends on all Sporcle quizzes.
Join for Free
OR
Log In

You Might Also Like...

Show Comments

Extras

Top Quizzes Today


Score Distribution

Your Account Isn't Verified!

In order to create a playlist on Sporcle, you need to verify the email address you used during registration. Go to your Sporcle Settings to finish the process.

Report this User

Report this user for behavior that violates our Community Guidelines.

Details: